<?xml version="1.0" encoding="UTF-8"?>
<marc:record xmlns:marc="http://www.loc.gov/MARC21/slim">
   <marc:leader>00000nam a2200000 a 4500</marc:leader>
   <marc:datafield ind1="1" ind2=" " tag="100">
      <marc:subfield code="a">Mosser, Birgit</marc:subfield>
      <marc:subfield code="4">aut</marc:subfield>
      <marc:subfield code="e">Verfasser/-in</marc:subfield>
   </marc:datafield>
   <marc:datafield ind1=" " ind2=" " tag="653">
      <marc:subfield code="a">Wien</marc:subfield>
   </marc:datafield>
   <marc:datafield ind1="0" ind2="0" tag="245">
      <marc:subfield code="a">Kinder einer neuen Zeit</marc:subfield>
   </marc:datafield>
   <marc:datafield ind1=" " ind2="1" tag="264">
      <marc:subfield code="b">Amalthea Signum</marc:subfield>
      <marc:subfield code="c">2018</marc:subfield>
   </marc:datafield>
   <marc:datafield ind1="1" ind2=" " tag="490">
      <marc:subfield code="a">Die große Familiensaga</marc:subfield>
   </marc:datafield>
   <marc:datafield ind1="1" ind2=" " tag="520">
      <marc:subfield code="a">Neue Zeiten, neue Gefahren Wien, 1927. Wütende Demonstranten setzen den Justizpalast in Brand, die Polizei erschießt Dutzende Menschen. In diesem Inferno treffen zwei zehnjährige Buben aufeinander: der Arbeitersohn Viktor Obernosterer und das Heimkind Ernst Belohlavek. Im gleichen Jahr soll Max, Spross der angesehenen Beamtenfamilie Webern, am traditionsreichen Wiener Schottengymnasium aufgenommen werden. Im fernen Südtirol besucht sein Cousin Siegfried, Sohn des ehemaligen Kaiserjägers Julius Holzer, eine Volksschule, in der seine Muttersprache verboten ist. Vier Familien, die das Schicksal immer wieder zusammenführt. Eine neue Generation, die für die Fehler ihrer Eltern büßen muss: Ihrer aller Leben ist untrennbar mit dem Schicksal Österreichs verbunden, das immer tiefer in eine Spirale aus Hass und Gewalt gerät und unaufhaltsam auf einen blutigen Bürgerkrieg zutreibt à »Kinder einer neuen Zeit« ist der mit Spannung erwartete zweite Band der großen österreichischen Familiensaga.</marc:subfield>
   </marc:datafield>
   <marc:datafield ind1=" " ind2=" " tag="020">
      <marc:subfield code="a">9783990501375</marc:subfield>
      <marc:subfield code="9">9783990501375</marc:subfield>
   </marc:datafield>
</marc:record>
